[Event "Wch U14 Girls"]
[Site "Montesilvano"]
[Date "2023.11.23"]
[Round "10"]
[White "Montano Vicente, Guadalupe"]
[Black "Kazhiakhmetova, Erkenaz"]
[Result "1-0"]
[WhiteElo "1794"]
[BlackElo "1218"]
[PlyCount "69"]
[EventDate "2023.11.13"]
[EventType "swiss"]
[EventRounds "11"]
[EventCountry "ITA"]
[SourceTitle "CB48_2023"]
[SourceDate "2023.11.29"]
[SourceVersion "1"]
[SourceVersionDate "2023.11.29"]
[SourceQuality "1"]

1. d4 d5 2. c4 c6 3. cxd5 cxd5 4. Nc3 Nf6 5. Bf4 e6 6. e3 Be7 7. Bd3 0-0 8. Nf3 a6 9. 0-0 Nc6 10. Rc1 Bd7 11. Re1 Nh5 12. Be5 f6 13. Bf4 Nxf4 14. exf4 Bd6 15. f5 Re8 16. fxe6 Bxe6 17. Qb3 Kh8 18. a3 Qd7 19. Re2 Bf7 20. Rce1 Rxe2 21. Rxe2 Bc7 22. Qc2 Bh5 23. Bf5 Qd8 24. g4 Bf7 25. Bxh7 Qd6 26. Qd3 Qf4 27. h3 Qh6 28. Bf5 g6 29. g5 Qh7 30. Bd7 f5 31. Bxc6 Qxh3 32. Ne5 Qxd3 33. Nxd3 bxc6 34. Re7 Ra7 35. Ne5 1-0

[Event "Wch U14 Girls"]
[Site "Montesilvano"]
[Date "2023.11.22"]
[Round "9"]
[White "Kazhiakhmetova, Erkenaz"]
[Black "Zadrapova, Amalie"]
[Result "1/2-1/2"]
[WhiteElo "1218"]
[BlackElo "1753"]
[PlyCount "95"]
[EventDate "2023.11.13"]
[EventType "swiss"]
[EventRounds "11"]
[EventCountry "ITA"]
[SourceTitle "CB48_2023"]
[SourceDate "2023.11.29"]
[SourceVersion "1"]
[SourceVersionDate "2023.11.29"]
[SourceQuality "1"]

1. d4 Nf6 2. c4 g6 3. g3 Bg7 4. Bg2 0-0 5. Nc3 d6 6. e4 Nbd7 7. Nge2 e5 8. d5 a5 9. a4 Nc5 10. Be3 Ne8 11. 0-0 f5 12. Qc2 Bd7 13. f4 Qe7 14. Bxc5 dxc5 15. Rae1 Nd6 16. Nb5 Nxe4 17. Bxe4 fxe4 18. Nxc7 Bxa4 19. Qxa4 Qxc7 20. Qc2 Rae8 21. Kh1 Bh6 22. fxe5 Qxe5 23. Rxf8+ Rxf8 24. Nf4 Bxf4 25. Rxe4 Qh5 26. Rxf4 Rxf4 27. gxf4 Qf3+ 28. Kg1 Qxf4 29. Qe2 Qg5+ 30. Kf2 Qf6+ 31. Kg2 Kg7 32. Kh1 h5 33. Kg2 b6 34. h3 Kh6 35. Qe3+ g5 36. Qe2 Kg7 37. Kg3 Qf4+ 38. Kg2 Qf6 39. Kg3 h4+ 40. Kg2 Qd6 41. Qe3 Kh6 42. b3 Qf6 43. Kg1 Kg6 44. Kg2 Qb2+ 45. Kf3 Qf6+ 46. Kg2 Kg7 47. Qd3 Qg6 48. Qe2 1/2-1/2

[Event "Wch U14 Girls"]
[Site "Montesilvano"]
[Date "2023.11.18"]
[Round "6"]
[White "Qi, Jenny"]
[Black "Kazhiakhmetova, Erkenaz"]
[Result "1/2-1/2"]
[WhiteElo "1737"]
[BlackElo "1218"]
[PlyCount "117"]
[EventDate "2023.11.13"]
[EventType "swiss"]
[EventRounds "11"]
[EventCountry "ITA"]
[SourceTitle "CB48_2023"]
[SourceDate "2023.11.29"]
[SourceVersion "1"]
[SourceVersionDate "2023.11.29"]
[SourceQuality "1"]

1. e4 Nf6 2. e5 Nd5 3. d4 d6 4. exd6 exd6 5. Nf3 Be7 6. c4 Nb6 7. h3 Bf5 8. Be2 0-0 9. 0-0 Nc6 10. d5 Ne5 11. Nd4 Bd7 12. b3 c5 13. dxc6 Nxc6 14. Nxc6 Bxc6 15. Nc3 Bf6 16. Bb2 d5 17. cxd5 Nxd5 18. Nxd5 Bxb2 19. Rb1 Qxd5 20. Qxd5 Bxd5 21. Rxb2 Rfe8 22. Bb5 Red8 23. Rd2 Be6 24. Rfd1 Rxd2 25. Rxd2 Rc8 26. Be2 Kf8 27. Bf3 Rc7 28. Kf1 Ke7 29. Ke2 h6 30. h4 b6 31. g3 Rc5 32. Kd1 Rc7 33. Rc2 Rxc2 34. Kxc2 Kd6 35. Kc3 a5 36. a3 Kc5 37. b4+ axb4+ 38. axb4+ Kd6 39. Kd4 f6 40. Be2 Bd5 41. f4 Bb7 42. Bc4 Bc6 43. Bf7 Bf3 44. Bg6 Bd5 45. g4 Be6 46. g5 fxg5 47. hxg5 hxg5 48. fxg5 Bd5 49. Bd3 Bb7 50. Bf5 Bd5 51. Bg6 Bb7 52. Bd3 Bd5 53. Bc4 Bxc4 54. Kxc4 Kc6 55. g6 b5+ 56. Kd4 Kd6 57. Ke4 Ke6 58. Kd4 Kd6 59. Ke4 1/2-1/2

[Event "World ol U16"]
[Site "Eindhoven"]
[Date "2023.08.16"]
[Round "6.21"]
[White "Mayeregger Gonzalez, Renata Valentina"]
[Black "Kazhiakhmetova, Erkenaz"]
[Result "0-1"]
[WhiteElo "1687"]
[BlackElo "1218"]
[PlyCount "160"]
[EventDate "2023.08.13"]
[EventType "team-swiss"]
[EventRounds "9"]
[EventCountry "NED"]
[SourceTitle "CBM 215 Extra"]
[Source "ChessBase"]
[SourceDate "2023.09.30"]
[SourceVersion "1"]
[SourceVersionDate "2023.09.30"]
[SourceQuality "1"]
[WhiteTeam "Paraguay"]
[BlackTeam "Kazakhstan III"]
[WhiteTeamCountry "PAR"]
[BlackTeamCountry "KAZ"]

1. e4 Nf6 2. e5 Nd5 3. d4 d6 4. c4 Nb6 5. exd6 exd6 6. Nc3 Be7 7. Bd3 0-0 8. Nge2 Nc6 9. b3 Bf6 10. Be3 Re8 11. 0-0 Ne7 12. Rc1 Nf5 13. Qd2 Qe7 14. Bxf5 Bxf5 15. Ng3 Bg6 16. Nge2 Rad8 17. Nf4 c6 18. Rfe1 Qd7 19. a4 d5 20. a5 Nc8 21. cxd5 Ne7 22. Nxg6 hxg6 23. d6 Nc8 24. d5 Qxd6 25. dxc6 Qxc6 26. Qc2 Nd6 27. Red1 Rc8 28. Qd2 Bxc3 29. Qxd6 Qxd6 30. Rxd6 Bxa5 31. Rxc8 Rxc8 32. g3 a6 33. Rd7 Rc7 34. Rd5 Bc3 35. Bf4 Re7 36. Kg2 b5 37. Rc5 Bd4 38. Rc8+ Kh7 39. Kf3 a5 40. Rd8 Bc3 41. Rc8 Be5 42. Ra8 Bc3 43. Rc8 Be1 44. Rb8 a4 45. Rxb5 a3 46. Rb8 Ra7 47. Be3 a2 48. Bd4 a1Q 49. Bxa1 Rxa1 50. b4 Rb1 51. b5 Rb2 52. b6 Bxf2 53. b7 Ba7 54. Rf8 Rxb7 55. h3 Bc5 56. Rc8 Bd6 57. g4 Rb3+ 58. Kg2 Rg3+ 59. Kf2 Rxh3 60. Rd8 Be5 61. Rd7 f6 62. Re7 Ra3 63. g5 Bd4+ 64. Kg2 Ra7 65. Re1 Kg8 66. Re8+ Kf7 67. Rd8 Be5 68. Rd5 Ke6 69. Rb5 Rd7 70. Kf3 Kf5 71. gxf6 gxf6 72. Kg2 Kg4 73. Rb4+ Bf4 74. Kf1 f5 75. Ke2 g5 76. Kf2 Rd3 77. Ke1 Rd2 78. Kf1 Ra2 79. Rb1 Kf3 80. Rd1 Be3 0-1

[Event "World ol U16"]
[Site "Eindhoven"]
[Date "2023.08.15"]
[Round "5.18"]
[White "Kazhiakhmetova, Erkenaz"]
[Black "Westerhof, Fleur"]
[Result "1-0"]
[WhiteElo "1218"]
[BlackElo "1793"]
[PlyCount "118"]
[EventDate "2023.08.13"]
[EventType "team-swiss"]
[EventRounds "9"]
[EventCountry "NED"]
[SourceTitle "CBM 215 Extra"]
[Source "ChessBase"]
[SourceDate "2023.09.30"]
[SourceVersion "1"]
[SourceVersionDate "2023.09.30"]
[SourceQuality "1"]
[WhiteTeam "Kazakhstan III"]
[BlackTeam "Netherlands III"]
[WhiteTeamCountry "KAZ"]
[BlackTeamCountry "NED"]

1. d4 d5 2. Nf3 Nf6 3. g3 e6 4. Bg2 Be7 5. 0-0 0-0 6. c4 dxc4 7. Qa4 Bd7 8. Qxc4 Bc6 9. Nc3 Nbd7 10. Rd1 Nb6 11. Qd3 Nbd5 12. Ne5 Be8 13. e4 Nxc3 14. bxc3 Ba4 15. Re1 Nd7 16. Nxd7 Qxd7 17. Be3 Rab8 18. Rab1 f5 19. exf5 exf5 20. Rxb7 Rxb7 21. Bxb7 Bb5 22. c4 Rb8 23. Bg2 Ba6 24. Qc2 Rb4 25. Bd5+ Kh8 26. Bd2 Rb6 27. Ba5 Rf6 28. Qe2 Bf8 29. Qe8 Qd6 30. Re6 Rxe6 31. Qxe6 Qxe6 32. Bxe6 c5 33. Bc3 Be7 34. dxc5 Bxc5 35. Kf1 h6 36. Ke2 f4 37. gxf4 Kh7 38. Bd2 Kg6 39. Be3 Bb6 40. Bxb6 axb6 41. Ke3 Kf6 42. Bd5 Kf5 43. f3 Bc8 44. Be4+ Ke6 45. Kd4 Kd6 46. Bd5 Bf5 47. a3 Bg6 48. h4 Bf5 49. Be4 Be6 50. Bg6 Bg8 51. f5 Kc6 52. Kc3 Kc5 53. f4 Bxc4 54. Be8 Bd5 55. a4 Be4 56. Bg6 Bd5 57. h5 Be4 58. f6 Bxg6 59. hxg6 Kd5 1-0

[Event "World ol U16"]
[Site "Eindhoven"]
[Date "2023.08.15"]
[Round "4.13"]
[White "Wadifa, Ahmed"]
[Black "Kazhiakhmetova, Erkenaz"]
[Result "0-1"]
[WhiteElo "1872"]
[BlackElo "1218"]
[PlyCount "92"]
[EventDate "2023.08.13"]
[EventType "team-swiss"]
[EventRounds "9"]
[EventCountry "NED"]
[SourceTitle "CBM 215 Extra"]
[Source "ChessBase"]
[SourceDate "2023.09.30"]
[SourceVersion "1"]
[SourceVersionDate "2023.09.30"]
[SourceQuality "1"]
[WhiteTeam "Bangladesh"]
[BlackTeam "Kazakhstan III"]
[WhiteTeamCountry "BAN"]
[BlackTeamCountry "KAZ"]

1. e4 Nf6 2. e5 Nd5 3. d4 d6 4. c4 Nb6 5. f4 dxe5 6. fxe5 Nc6 7. Be3 Bf5 8. a3 e6 9. Nf3 a5 10. Nc3 Bg4 11. Nb5 Be7 12. Be2 Bxf3 13. gxf3 Bh4+ 14. Kf1 Qe7 15. Rg1 f6 16. exf6 gxf6 17. Bh6 Bg5 18. Bxg5 fxg5 19. Qd2 h6 20. Rd1 0-0-0 21. Kg2 Rhf8 22. Kh1 Rf4 23. Rg4 Rxg4 24. fxg4 Qh7 25. Qe3 Qg8 26. b3 Qf7 27. Rf1 Qe7 28. Bf3 Kb8 29. Re1 Qf6 30. Qe4 a4 31. bxa4 Nxc4 32. Qd3 N4a5 33. Rd1 Qf4 34. Kg2 Qf6 35. Qe4 Nc4 36. Qe2 Nd6 37. Nxd6 Rxd6 38. d5 exd5 39. Bxd5 Qd8 40. Qf3 Ne7 41. Bb3 Rxd1 42. Bxd1 Ng6 43. Be2 Nf4+ 44. Kg3 Qd6 45. Kf2 Qb6+ 46. Kg3 Qg1+ 0-1

[Event "World ol U16"]
[Site "Eindhoven"]
[Date "2023.08.13"]
[Round "1.14"]
[White "Kazhiakhmetova, Erkenaz"]
[Black "Jiang, Kate Yuhua"]
[Result "1-0"]
[WhiteElo "1218"]
[BlackElo "1770"]
[PlyCount "103"]
[EventDate "2023.08.13"]
[EventType "team-swiss"]
[EventRounds "9"]
[EventCountry "NED"]
[SourceTitle "CBM 215 Extra"]
[Source "ChessBase"]
[SourceDate "2023.09.30"]
[SourceVersion "1"]
[SourceVersionDate "2023.09.30"]
[SourceQuality "1"]
[WhiteTeam "Kazakhstan III"]
[BlackTeam "Canada"]
[WhiteTeamCountry "KAZ"]
[BlackTeamCountry "CAN"]

1. d4 d5 2. Nf3 Nf6 3. g3 e6 4. Bg2 c5 5. 0-0 Nc6 6. c4 dxc4 7. dxc5 Qxd1 8. Rxd1 Bxc5 9. Nbd2 Ng4 10. Ne4 Be7 11. h3 Nge5 12. Nxe5 Nxe5 13. Bf4 Nd7 14. Nd6+ Bxd6 15. Bxd6 f6 16. Rac1 Nb6 17. Kh2 Kf7 18. Bc7 e5 19. a3 Be6 20. Bxb7 Rae8 21. Bxb6 axb6 22. Ba6 Rd8 23. Rxd8 Rxd8 24. Bxc4 Rd6 25. Bxe6+ Rxe6 26. Rc7+ Kg6 27. g4 Rd6 28. Rc2 h5 29. Kg3 Kh6 30. e3 g5 31. Kf3 Kg6 32. Rc8 hxg4+ 33. hxg4 Rd2 34. b4 Rd6 35. Rb8 Kf7 36. a4 Ke7 37. a5 bxa5 38. bxa5 Ra6 39. Rb5 Kd7 40. Ke4 Ke7 41. Kf5 Ra7 42. f3 Kf7 43. Ke4 Ke7 44. Kd5 Kd7 45. Kc4 Ke7 46. Kb4 Kf7 47. Rb6 Ke7 48. Kb5 Ra8 49. a6 Rc8 50. a7 Ra8 51. Ka6 Kd7 52. Kb7 1-0

[Event "Wch U14 Girls rapid"]
[Site "Batumi"]
[Date "2023.06.08"]
[Round "9"]
[White "Kazhiakhmetova, Erkenaz"]
[Black "Mkrtchyan, Anahit H"]
[Result "1/2-1/2"]
[WhiteElo "1312"]
[BlackElo "1414"]
[PlyCount "111"]
[EventDate "2023.06.06"]
[EventType "swiss (rapid)"]
[EventRounds "11"]
[EventCountry "GEO"]
[SourceTitle "EXT 2024"]
[Source "ChessBase"]
[SourceDate "2023.10.10"]
[SourceVersion "1"]
[SourceVersionDate "2023.10.10"]
[SourceQuality "1"]
[WhiteTeam "Kazakhstan"]
[BlackTeam "Armenia"]
[WhiteTeamCountry "KAZ"]
[BlackTeamCountry "ARM"]

1. d4 Nf6 2. g3 e6 3. Bg2 d5 4. Nf3 Be7 5. 0-0 0-0 6. c4 dxc4 7. Qa4 c5 8. Qxc4 Nbd7 9. dxc5 Nxc5 10. Be3 Na6 11. Nc3 Qc7 12. Qxc7 Nxc7 13. Rad1 Ncd5 14. Nxd5 Nxd5 15. Bd4 b6 16. Nd2 Rd8 17. Nc4 Ba6 18. b3 Rac8 19. Rc1 Nf4 20. gxf4 Rxd4 21. e3 Rdd8 22. Rfd1 Kf8 23. Bf1 Rc5 24. Ne5 Rxc1 25. Rxc1 Bxf1 26. Kxf1 Bd6 27. Nf3 Ke7 28. Ke2 h6 29. Nd4 Kd7 30. Nb5 a6 31. Nxd6 Kxd6 32. Rc2 Rd7 33. e4 Rc7 34. Rd2+ Ke7 35. Rd1 Rc2+ 36. Rd2 Rxd2+ 37. Kxd2 Kd6 38. Kd3 Kc5 39. Kc3 a5 40. a3 b5 41. b4+ axb4+ 42. axb4+ Kd6 43. Kd4 f5 44. e5+ Kc6 45. h4 h5 46. f3 g6 47. Ke3 Kc7 48. Kd4 Kb6 49. Kd3 Kc7 50. Kd4 Kc6 51. Ke3 Kd7 52. Kd3 Kc7 53. Kc3 Kc6 54. Kd4 Kb6 55. Kd3 Kc6 56. Ke3 1/2-1/2